000 00389nam a2200121Ia 4500
008 190722s9999 xx 000 0 und d
020 _a978-93-325-1840-7
100 _aMazidi, Naimi, Naimi
245 4 _aThe AVR Microcomtroller and Embeded Systems Using Assembly and C
260 _aNew Delhi
_bPearson (Indian Ed.) Pvt. Ltd. Dorling Kindersley Pvt. Ltd.
_c2014
300 _a743
942 _cBK
999 _c347
_d347